000 00439nam a2200169Ia 4500
008 101201t1992 xxu||||| |||| 00| 0 sin d
041 _asin
080 _aX8S1
_bPER
100 _aPerera, Yamuna Malini
245 _aබිංගෙයි සැණකෙළිය
246 _aBingei Senakeliya
260 _bSara
_aKottawa
_c1992
300 _b64p., 21 cm
942 _cBK
999 _c75916
_d75916
003 LK-CoDNM
040 _aLK-CoDNM
_dLK-CoDNM
_eLK-CoDNM